000 00504nam a2200181Ia 4500
003 IN-BaIIA
008 211028s9999 xx 000 0 eng d
020 _a08-003458-6
040 _cIIA Library
080 _a523.34
_bRAC
100 _aRackham, Thomas
_96006
245 0 _aMoon in focus
_cThomas Rackham
260 _aOxford
_bPergamon Press
_c1968
300 _axiii, 183p.
650 _aAstronomy and Astrophysics Thesaurus
650 _aMoon
942 _cBK
999 _c3388
_d3388